Colour Management : A Comprehensive Guide for Graphic Designers

Saved in:
Bibliographic Details
Main Authors: Drew, John T. (Author), Meyer, Sarah A. (Author)
Format: Book
Language:English
Published: Mies : RotoVision, 2008
Subjects:
Tags: Add Tag
No Tags, Be the first to tag this record!

MARC

LEADER 00000nam a22000003a 4500
001 stu241879
005 20150617230151.3
008 120116s2008----sz------------------eng-d
020 |a 978-2-88893-018-1 
040 |a STU  |b slo 
041 0 |a eng 
044 |a sz 
080 |a 535.6 
100 1 |a Drew, John T.  |4 aut 
245 1 |a Colour Management :  |b A Comprehensive Guide for Graphic Designers 
260 |a Mies :  |b RotoVision,  |c 2008 
300 |a 224 s 
650 7 |a grafický design  |2 stusub 
650 7 |a farby a ich vlastnosti  |2 stusub 
700 1 |a Meyer, Sarah A.  |4 aut 
996 |b 284EK88856  |c E*88856  |l EE23  |s P  |a 0  |w stu241879_0001